Statistics for Click Quiz Europe 1

Click here to take the quiz!

General Stats

  • This quiz has been taken 54 times
  • The average score is 12 of 19

Answer Stats

HintAnswer% Correct
Birthplace of ABBASweden
91%
Where Toblerone originatesSwitzerland
91%
The home of baguettes and croissantsFrance
87%
Biggest country in the worldRussia
84%
Home of the leprechaunsIreland
80%
The only country with a capital beginning with ZCroatia
78%
Country split between the turks and the greeksCyprus
78%
Only country that borders both the Black Sea and the Mediterranean SeaTurkey
71%
Home of the HabsburgsAustria
67%
Home to the non-american Guggenheim MuseumSpain
67%
Birthplace of the Rubik's cubeHungary
60%
The oldest surviving republicSan Marino
60%
Country also known as FYROMNorth Macedonia
53%
It has the most rock bands per capitaFinland
49%
The country with the highest life expectancyMonaco
49%
Most recent non-African countryKosovo
42%
Where Dashiell Hammett's falcon is fromMalta
33%
Country with the oldest tree in EuropeMontenegro
29%
Where the largest gorge in Europe isSerbia
18%

Score Distribution

Percentile by Number Answered

Percent of People with Each Score

Your Score History

You have not taken this quiz